000
00268nam a22001217a 4500
020
_a
9788121924634
082
_a
330.0151
100
_a
K.K. Dewett
245
_a
Modern economic theory
260
_a
New Delhi
_b
S.Chand and co
_c
2015
300
_a
1000p
942
_c
BK
999
_c
2982
_d
2982